Analýza fungovania knižného trhu v podmienkach trhovej ekonomiky dizertačná práca

Salvato in:
Dettagli Bibliografici
Autore principale: Gombík, Štefan
Ente Autore: Obchodná fakulta EU. Katedra marketingu
Altri autori: Šíbl, Drahoš
Natura: Libro
Lingua:slovacco
Pubblicazione: Bratislava 1996
Soggetti:
Tags: Aggiungi Tag
Nessun Tag, puoi essere il primo ad aggiungerne!!

MARC

LEADER 00000nam a2200000 4500
001 0193933
005 20221207103748.0
041 0 |a slo 
044 |a SK 
245 1 0 |a Analýza fungovania knižného trhu v podmienkach trhovej ekonomiky  |b dizertačná práca  |c Štefan Gombík ; školiteľ: Drahoš Šíbl 
264 1 |a Bratislava  |c 1996 
300 |a 108 s. 
610 2 0 |a reklama 
610 2 0 |a trh výrobkov 
610 2 0 |a knihy 
610 2 0 |a distribúcia 
100 1 |a Gombík, Štefan 
700 1 |a Šíbl, Drahoš 
710 2 |a Obchodná fakulta EU. Katedra marketingu